| 000 | 01132nam a2200301 i 4500 | ||
|---|---|---|---|
| 003 | DO-SdBNP | ||
| 005 | 20251009113400.0 | ||
| 007 | ta | ||
| 008 | 250723b2013 dr ac||| |||| 00| 0 spa d | ||
| 020 | _a9789945141054 | ||
| 040 |
_aDO-SdBNP _bspa _cBNPHU _erda |
||
| 041 | _aspa | ||
| 082 | 4 |
_a920.5 _bM722m _222 |
|
| 100 | 1 |
_aMolina Morillo, Rafael, _d1930-1917 _4aut. _937 _eautor |
|
| 245 | 1 | 4 |
_aMis recuerdos imborrables / _cRafael Molina Morillo ; corrector, Moisés Peña. |
| 264 | 1 |
_aSanto Domingo, República Dominicana : _bEditora Corripio, _c2013. |
|
| 300 |
_a319 páginas : _bilustraciones, retratos ; _c23 cm. |
||
| 336 |
_atexto _btxt _2rdacontent |
||
| 337 |
_asin mediación _bn _2rdamedia |
||
| 338 |
_avolumen _bnc _2rdacarrier |
||
| 500 | _aIncluye datos biográficos del autor en la solapa de la cubierta. | ||
| 590 | _aInventariado, 2025 /LP | ||
| 600 | 1 | 0 |
_aMolina Morillo, Rafael, _d1930-1917 _937 _xAutobiografías |
| 650 | 4 |
_aPeriodistas _zRepública Dominicana _xHistoria _976725 |
|
| 700 | 1 |
_aPeña, Moisés, _ecorrector _4corr. _988428 |
|
| 910 | _aLP. Validado. Control de calidad/ MAA | ||
| 942 |
_2ddc _cLBS1 |
||
| 999 |
_c59624 _d59624 |
||